00578nam a2200181Ia 450000500170000000800460001703700290006304000200009204100130011208400290012524500310015424500310018526000090021630000130022594200270023899900210026595201100028620250508154431.0008 250505s9999 xx 000 0 eng d aBooks to be hide in OPAC aFEDLbengcFEDL aeng2eng a309.230 954, IND/OqFEDL 0aSecond five year plan 1956 0cIndia. Planning Commission c1956 axiv,653p cHBh309.230 954, IND/O c1350173d1350173 00104070aFEDLbFEDLd2025-05-08l0o309.230 954, IND/OpEL0034091r2025-05-08 15:44:31w2025-05-08yHB